000 00941cam a22002414a 4500
005 20251008064518.0
020 _a9966703446
_cTZS 15,908/=
040 _aMCCL
_beng.
_eAACR 2nd rev. ed.
082 _a340.1 LEG
245 1 0 _aLegal ethics and jurisprudence in nation building /
_cedited by Luis G. Franceschi and Andrew M. Ritho.
260 _aNairobi :
_bStrathmore University Press :
_bLawAfrica Pub. Ltd.,
_cc2005.
300 _aviii, 322 p. ;
_c24 cm.
500 _a"On 29-30 October 2004, Strathmore University held its Second Annual Ethics Conference"--P. [4] of cover.
504 _aIncludes bibliographical references.
650 0 _aLegal ethics
_zKenya
_vCongresses.
650 0 _aLegal ethics
_vCongresses.
650 0 _aJustice
_vCongresses.
650 0 _aJurisprudence
_vCongresses.
650 0 _aNation-building
_vCongresses.
700 1 _aFranceschi, Luis G.
_c(editor)
700 1 _aRitho, Andrew M.
_c(editor)
942 _cBK
999 _c12262
_d12262